Online
Catalog

El siglo de Luis XIV / (Record no. 34623)

MARC details
000 -CABECERA
campo de control de longitud fija 01397nam a2200277 a 4500
001 - NÚMERO DE CONTROL
campo de control 000035132
005 - FECHA Y HORA DE LA ÚLTIMA TRANSACCIÓN
campo de control 20200930074127.0
008 - DATOS DE LONGITUD FIJA--INFORMACIÓN GENERAL
campo de control de longitud fija 111025s1986 sp 000 0 spa d
020 ## - NÚMERO INTERNACIONAL ESTÁNDAR DEL LIBRO
Número Internacional Estándar del Libro 8476343313
040 ## - FUENTE DE LA CATALOGACIÓN
Centro catalogador/agencia de origen DO-SdBNP
Lengua de catalogación spa
Centro/agencia transcriptor BNPHU
041 17 - CÓDIGO DE LENGUA
Código de lengua del texto/banda sonora o título independiente spa
Código de lengua original fre
100 1# - ENTRADA PRINCIPAL--NOMBRE DE PERSONA
Nombre de persona Voltaire,
Fechas asociadas al nombre 1694-1778
9 (RLIN) 4768
245 13 - MENCIÓN DE TÍTULO
Título El siglo de Luis XIV /
Mención de responsabilidad, etc. Voltaire ; prólogo Víctor Hugo ; traducción revisada por Francisco Villalba Cerezo. Vida de Voltaire por Condorcet.
260 ## - PUBLICACIÓN, DISTRIBUCIÓN, ETC.
Lugar de publicación, distribución, etc. Barcelona :
Nombre del editor, distribuidor, etc. Ediciones Orbis,
Fecha de publicación, distribución, etc. 1986.
300 ## - DESCRIPCIÓN FÍSICA
Extensión 2 v. ;
Dimensiones 20 cm.
490 0# - MENCIÓN DE SERIE
Mención de serie Biblioteca de historia ;
Designación de volumen o secuencia 72
500 ## - NOTA GENERAL
Nota general Biblioteca tiene v.2
500 ## - NOTA GENERAL
Nota general Tít. original: Le Siecle de Louis XIV
520 0# - SUMARIO, ETC.
Sumario, etc. Incluye, además de la obra propiamente dicha, un prólogo de Víctor Hugo sobre Voltaire, un discurso pronunciado por Víctor Hugo en París con motivo del centenario de Voltaire en 1878 y una Vida de Voltaire escrita por Condorcet, así como un estudio sobre Voltaire: la desesperanza histórica, escrito expresamente por el profesor José Manuel Bermudo.
651 #4 - PUNTO DE ACCESO ADICIONAL DE MATERIA--NOMBRE GEOGRÁFICO
Nombre geográfico Francia
Subdivisión general Historia
Subdivisión cronológica LUIS XIV, 1643-1715
9 (RLIN) 60827
700 1# - PUNTO DE ACCESO ADICIONAL--NOMBRE DE PERSONA
Nombre de persona Hugo, Víctor,
Término indicativo de función/relación pról.
9 (RLIN) 12874
700 1# - PUNTO DE ACCESO ADICIONAL--NOMBRE DE PERSONA
Nombre de persona Villalba Cerezo, Francisco,
Término indicativo de función/relación trad.
9 (RLIN) 60828
700 1# - PUNTO DE ACCESO ADICIONAL--NOMBRE DE PERSONA
Nombre de persona Condorcet.
Título de la obra Vida de Voltaire
9 (RLIN) 60829
700 1# - PUNTO DE ACCESO ADICIONAL--NOMBRE DE PERSONA
Nombre de persona Bermudo, José Manuel.
Título de la obra Voltaire: la desesperanza histórica
9 (RLIN) 60830
830 #0 - PUNTO DE ACCESO ADICIONAL DE SERIE-TÍTULO UNIFORME
Título uniforme Biblioteca de historia
Número de parte o sección de la obra 72
9 (RLIN) 60831
Holdings
Estado de retiro Estado de pérdida Restricciones de uso No para préstamo Código de colección Localización permanente Ubicación/localización actual Ubicación en estantería Fecha de adquisición Número de inventario Total de préstamos Signatura topográfica completa Código de barras Fecha visto por última vez Precio válido a partir de Tipo de ítem Koha Nota pública
        Monografías: Libros y Folletos General General Orden iniciada 25.10.2011 LF1   35132-10 25.06.2020 25.06.2020 No se presta Biblioteca Juan Isidro Jiménes Grullón

Powered by Koha